Wer bin ich? Echte Namen vs. Künstlername - Statistiken

Allgemein
  • Dieses Quiz wurde 188 mal gespielt
  • Das Durchschnittsergebnis liegt bei 3 aus 10
Antwortstatistiken
bürgerl. Name/ geb. als... Land Branche /Beruf u.a. Künstlername/ Pseudonym % Korrekt
Curtis James Jackson III 🇺🇸 Rapper 50 Cent
100%
Andrea Zellen /Ferber 🇩🇪 Schlagersängerin Andrea Berg
100%
William Bradley Pitt 🇺🇸 Schauspieler Brad Pitt
100%
Michael Alexander Herbig 🇩🇪 Komiker Bully Herbig
100%
Anis Mohamed Youssef Ferchichi 🇩🇪 Rapper Bushido
100%
Belcalis Marlenis Almanzar 🇺🇸 Rapperin Cardi B
100%
Kathrin Fricke 🇩🇪 YouTuberin Coldmirror
100%
Carlo Waibel 🇩🇪 Rapper Cro
100%
David Christian Bongartz 🇩🇪 Geiger David Garrett
100%
Gerd Grabowski 🇩🇪 Schlagersänger G. G. Anderson
100%
Werner Böhm 🇩🇪 ✝ Sänger Gottlieb Wendehals
100%
Ingrid Anita Stengert 🇩🇪 ✝ Schauspielerin Ingrid Steeger
100%
Klaus Günter Karl Nakszyński 🇩🇪 ✝ Schauspieler Klaus Kinski
100%
Felix Blume 🇩🇪 Rapper Kollegah
100%
Kimberly Denise Jones 🇺🇸 Rapperin Lil’ Kim
100%
Lucas Edward Britton Mockridge 🇩🇪 Comedian Luke Mockridge
100%
Madonna Louise Ciccone 🇺🇸 Sängerin Madonna
100%
Maria Salomea Skłodowska 🇫🇷 🇵🇱 ✝ Physikerin Marie Curie
100%
Nicolas Kim Coppola 🇺🇸 Schauspieler Nicolas Cage
100%
Oliver Knöbel 🇩🇪 Travestie-Künstler Olivia Jones
100%
Helen Lyndon Goff 🇬🇧 ✝ Schriftstellerin Pamela Lynwood Travers /P. L. Travers
100%
Peter Alexander Makkay 🇩🇪 🇷🇴 Sänger Peter Maffay
100%
Rosemarie Magdalena Albach 🇩🇪 🇫🇷 ✝ Schauspielerin Romy Schneider
100%
Ronaldo de Assis Moreira 🇧🇷 Fußballer Ronaldinho
100%
Sarah Marianne Corina Lewe 🇩🇪 Sängerin Sarah Connor
100%
Shakira Isabel Mebarak Ripoll 🇨🇴 Sängerin Shakira
100%
Paul Hartmut Würdig 🇩🇪 Rapper Sido
100%
Jürgen Udo Bockelmann 🇦🇹 ✝ Sänger Udo Jürgens
100%
William Henry Gates III 🇺🇸 Unternehmer Bill Gates
88%
Barbara Shirin Davidavičius 🇩🇪 Rapperin Shirin David
88%
Jossif Wissarionowitsch Dschugaschwili 🇷🇺 🇬🇪 ✝ Diktator Josef Stalin
83%
Johann Hölzel 🇦🇹 ✝ Musiker Falco
80%
Jason Joel Desrouleaux 🇺🇸 R&B- & Popsänger Jason Derulo
80%
Joseph Alois Ratzinger 🇩🇪 ✝ Papst Papst Benedikt XVI.
80%
Edson Arantes do Nascimento 🇧🇷 ✝ Fußballspieler Pelé
80%
Rozalia Luksenburg 🇩🇪 🇵🇱 ✝ Politikerin Rosa Luxemburg
80%
Thomas Cruise Mapother IV 🇺🇸 Schauspieler Tom Cruise
80%
Anke Christina Fischer 🇩🇪 Komikerin Anke Engelke
75%
Courtney Michelle Harrison / Cobain 🇺🇸 Rocksängerin Courtney Love
75%
Chan Kwong-Sung 🇨🇳 Schauspieler Jackie Chan
75%
James Hillier Blount 🇬🇧 Sänger James Blunt
75%
Heidi Stern 🇺🇸 Rock- & Pop-Sängerin Jennifer Rush
75%
Joachim Winterscheidt 🇩🇪 Moderator Joko Winterscheidt
75%
Jonah Hill Feldstein 🇺🇸 Schauspieler Jonah Hill
75%
Quentin Zastoupil 🇺🇸 Filmregisseur Quentin Tarantino
75%
Ronald Keiler 🇩🇪 Schlagersänger Roland Kaiser
75%
Vasiliki Papathanasiou 🇩🇪 🇬🇷 Sängerin Vicky Leandros
75%
John Francis Bongiovi jr. 🇺🇸 Sänger Jon Bon Jovi
71%
Julien Zheng Zheng Kho Budorovits 🇩🇪 YouTuber Julien Bam
71%
Dwayne Douglas Johnson 🇺🇸 Wrestler / Schauspieler The Rock
71%
Gabrielle Chasnel 🇫🇷 ✝ Modedesignerin Coco Chanel
67%
Konstantinos Kordalis 🇩🇪 🇬🇷 ✝ Sänger Costa Cordalis
67%
Dagmar Kazakov 🇩🇪 YouTuberin Dagi Bee
67%
Hans-Peter Wilhelm Kerkeling 🇩🇪 Komiker Hape Kerkeling
67%
Hella Kemper 🇩🇪 Fernsehentertainerin Hella von Sinnen
67%
Hubert Kemmler 🇩🇪 Musiker Hubert Kah
67%
Johannes/ Henne Gensfleisch 🇩🇪 ✝ Erfinder Johannes Gutenberg
67%
Vicco von Bülow 🇩🇪 ✝ Humorist Loriot
67%
Mustafa Gündoğdu 🇩🇪 🇹🇷 Musikproduzent/ DJ Mousse T.
67%
Cassius Marcellus Clay jr. 🇺🇸 ✝ Boxer Muhammad Ali
67%
John Michael Osbourne 🇬🇧 Rockmusiker Ozzy Osbourne
67%
Kevin Andreas Teller 🇩🇪 YouTuber/ Streamer Papaplatte
67%
Marco Claudio Cayetano Neven du Mont 🇩🇪 Schauspieler Sky du Mont
67%
Cristoforo Colombo 🇮🇹 ✝ Seefahrer Christoph Kolumbus
60%
Marshall Bruce Mathers III 🇺🇸 Rapper Eminem
60%
Harry Heinz Herbert Juhnke 🇩🇪 ✝ Entertainer Harald Juhnke
60%
Heinz-Georg Kramm 🇩🇪 Schlagersänger Heino
60%
Kelendria Trene Rowland 🇺🇸 R&B-Sängerin Kelly Rowland
60%
Stefani Joanne Angelina Germanotta 🇺🇸 Sängerin Lady Gaga
60%
Li Lykke Timotej Svensson Zachrisson 🇸🇪 Sängerin Lykke Li
60%
Mohandás Karamchand Gándhí 🇮🇳 ✝ religiöser Führer Mahatma Gandhi
60%
Michael Issurewitch Demsky 🇺🇸 Schauspieler Michael Douglas
60%
Steven Demetre Georgiou/ Yusuf Islam 🇬🇧 Musiker Cat Stevens
57%
Alexander Duszat 🇩🇪 Fernsehmoderator Elton
57%
Pierre Michael Schilling 🇩🇪 Singer-Songwriter Peter Schilling
57%
Albert Arnold Gore Jr. 🇺🇸 Politiker Al Gore
50%
Annett Päge 🇩🇪 Chanson- & Popsängerin Annett Louisan
50%
Tim Bergling 🇸🇪 ✝ Musikproduzent /DJ Avicii
50%
Harry Lillis Crosby 🇺🇸 ✝ Sänger Bing Crosby
50%
Lee Jun-fan 🇨🇳 🇺🇸 ✝ Kampfkünstler Bruce Lee
50%
Carlo Pedersoli 🇮🇹 ✝ Schauspieler Bud Spencer
50%
Cherilyn Sarkisian 🇺🇸 Sängerin Cher
50%
Christopher Nast 🇩🇪 Comedian Chris Tall
50%
Antoine Konrad 🇨🇭 House-DJ DJ Antoine
50%
Peter René Baumann 🇨🇭 Sänger DJ Bobo
50%
Samuel Bouriah 🇪🇸 DJ DJ Sammy
50%
Tomasz Kuklicz 🇵🇱 DJ /Musikproduzent DJ Tomekk
50%
Patrick Losensky 🇩🇪 Rapper Fler
50%
Farrokh Bulsara 🇬🇧 🇹🇿 ✝ Musiker Freddie Mercury
50%
Torge Oelrich 🇩🇪 YouTuber Freshtorge
50%
Hendrik Nikolaas Theodoor Simons 🇳🇱 Schlagersänger Heintje
50%
Ireen Wooldridge 🇩🇪 🇬🇧 Schlagersängerin Ireen Sheer
50%
Alicia Christian Foster 🇺🇸 Schauspielerin Jodie Foster
50%
Katheryn Elizabeth Brand /Hudson 🇺🇸 Sängerin Katy Perry
50%
Marie-José van der Kolk 🇳🇱 Sängerin Loona
50%
Marie Magdalene Dietrich 🇩🇪 🇺🇸 ✝ Schauspielerin Marlene Dietrich
50%
Michael John Douglas 🇺🇸 Schauspieler Michael Keaton
50%
Philip Andre Rourke jr. 🇺🇸 Schauspieler Mickey Rourke
50%
Gabriele Susanne Kerner 🇩🇪 Popsängerin Nena
50%
Nico Wellenbrink 🇩🇪 Singer-Songwriter Nico Santos
50%
Prince Rogers Nelson 🇺🇸 ✝ Sänger Prince
50%
Messiah Prince Sheridan Damien Ritzinger 🇩🇪 Sänger Prince Damien
50%
Ludwig Franz Hirtreiter 🇩🇪 ✝ Schlagersänger Rex Gildo
50%
Rudolf Wijbrand Kesselaar 🇳🇱 ✝ Showmaster Rudi Carrell
50%
Samy Sorge 🇩🇪 Rapper Samy Deluxe
50%
Stevland Hardaway Judkins Morris 🇺🇸 Soul- & Pop-Sänger Stevie Wonder
50%
Kilian Roberto Heinrich 🇩🇪 YouTuber Tanzverbot
50%
Tim Bibelhausen 🇩🇪 Partyschlagersänger / Friseur Tim Toupet
50%
Robert Sylvester Kelly 🇺🇸 R&B - Sänger R. Kelly
44%
Luigino Celestino Di Agostino 🇮🇹 DJ Gigi D’Agostino
43%
Stacy Ann Ferguson 🇺🇸 Sängerin Fergie
40%
Joaquín Raphael Bottom 🇺🇸 Schauspieler Joaquín Phoenix
40%
Lorine Zineb Nora Talḥaoui 🇸🇪 Sängerin Loreen
40%
Roberto Zerquera 🇨🇺 🇩🇪 Schlagersänger Roberto Blanco
40%
Calvin Cordozar Broadus, Jr. 🇺🇸 Rapper Snoop Dogg
40%
Arthur Stanley Jefferson 🇬🇧 ✝ Komiker Stan Laurel
40%
Susanna Kay Quatrocchi 🇺🇸 Rockmusikerin Suzi Quatro
40%
Herbert Ernst Karl Frahm 🇩🇪 ✝ Bundeskanzler Willy Brandt
40%
Barbara von Schierstädt 🇩🇪 Fernsehmoderatorin Barbara Schöneberger
33%
William Jefferson Blythe III. 🇺🇸 Politiker / Präsident Bill Clinton
33%
Peter Gene Hernandez 🇺🇸 R&B-Sänger Bruno Mars
33%
William Frederick Cody 🇺🇸 ✝ Bisonjäger Buffalo Bill
33%
Thomas Neuwirth 🇦🇹 Sänger/-in Conchita Wurst
33%
David Seth Kotkin 🇺🇸 Zauberkünstler David Copperfield
33%
Gerhard Friedle 🇦🇹 Volksmusiker DJ Ötzi
33%
LaDonna Adrian Gaines 🇺🇸 ✝ Sängerin Donna Summer
33%
Alban Uzoma Nwapa 🇸🇪 🇳🇬 Pop-Musiker Dr. Alban
33%
Temüdschin 🇲🇳 ✝ Mongolen Khagan Dschingis Khan
33%
Ekrem Bora 🇩🇪 🇹🇷 Rapper Eko Fresh
33%
Reginald Kenneth Dwight 🇬🇧 Sänger Elton John
33%
Jan Vetter 🇩🇪 Rockmusiker Farin Urlaub
33%
Gil Doron Reichstadt 🇩🇪 Rockmusiker Gil Ofarim
33%
Horst Köhler 🇩🇪 Schlagersänger Guildo Horn
33%
Ehrich Weiss 🇭🇺 🇺🇸 ✝ Entfesselungs- & Zauberkünstler Harry Houdini
33%
John Roger Stevens 🇺🇸 Pop-, R&B- & Soul-Sänger John Legend
33%
Kenneth Glöckler/ Brodowski 🇩🇪 Rapper Kay One
33%
Savaş Yurderi 🇩🇪 Rapper Kool Savas
33%
Ramon Gerardo Antonio Estévez 🇺🇸 Filmschauspieler Martin Sheen
33%
Melissa Arnette Elliott 🇺🇸 Rapperin Missy Elliott
33%
Domenico Gerhard Gorgoglione 🇩🇪 Schlagersänger Nino de Angelo
33%
Emilio Norberto Otto Max Gastel 🇩🇪 ✝ Synchronsprecher Norbert Gastell
33%
Sean Combs 🇺🇸 Rapper P. Diddy
33%
Grigori Nefimowitsch Nowych 🇷🇺 ✝ Mönch Rasputin
33%
River Jude Bottom 🇺🇸 ✝ Schauspieler River Phoenix
33%
Sascha Röntgen-Schmitz 🇩🇪 Popsänger Sasha / Dick Brave
33%
Simon Wiefels 🇩🇪 YouTuber Simon Unge/ Ungespielt
33%
Tatanka Yotanka 🇺🇸 ✝ Stammeshäuptling Sitting Bull
33%
Eldrick Tont Woods 🇺🇸 Profigolfer Tiger Woods
33%
Vanessa Marija Else Ferber /Mandekić 🇩🇪 Sängerin Vanessa Mai
33%
David Michael Bautista Jr. 🇺🇸 Wrestler Batista
29%
Achim Remling 🇩🇪 Sänger Achim Petry
25%
Mary Beth Patterson 🇺🇸 Sängerin Beth Ditto
25%
Michael Sebastian Kurth 🇩🇪 Rapper Curse
25%
Donato di Niccolò di Betto Bardi 🇮🇹 ✝ Bildhauer Donatello
25%
Georgios Kyriacos Panayiotou 🇬🇧 ✝ Sänger George Michael
25%
Johann Julier 🇦🇹 ✝ Volksschauspieler Hans Moser
25%
Matthias Distel 🇩🇪 Partyschlagersänger Ikke Hüftgold
25%
Jan Philipp Eißfeldt 🇩🇪 Sänger Jan Delay
25%
Marion Robert Morrison 🇺🇸 ✝ Schauspieler John Wayne
25%
Katrin Vogel 🇩🇪 YouTuberin Katja Krasavice
25%
Issur Danilowitch Demsky 🇺🇸 ✝ Schauspieler Kirk Douglas
25%
Melvin Kaminski 🇺🇸 Komiker Mel Brooks
25%
Joe Yule junior 🇺🇸 ✝ Schauspieler Mickey Rooney
25%
Agnes Gonxha Bojaxhiu 🇮🇳 Ordensschwester Mutter Teresa
25%
Ioanna Mouschouri 🇬🇷 Sängerin Nana Mouskouri
25%
Norvell Hardy 🇺🇸 ✝ Komiker Oliver Hardy
25%
Senta-Sofia Delliponti 🇩🇪 Sängerin Oonagh
25%
Jorge Mario Bergoglio 🇦🇷 Papst Papst Franziskus
25%
Pierre Baigorry 🇩🇪 Musiker Peter Fox
25%
Richard Morgan Fliehr 🇺🇸 Wrestler Ric Flair
25%
Mark William Calaway 🇺🇸 Wrestler The Undertaker
25%
Bernd Weidung 🇩🇪 Popsänger Thomas Anders
25%
Rosalie Anderson MacDowell 🇺🇸 Schauspielerin Andie MacDowell
20%
Andreas Stiegelmair 🇩🇪 Sänger Andreas Bourani
20%
Nora Baumberger 🇨🇿 🇩🇪 "Schauspielerin" Dolly Buster
20%
Erik Range 🇩🇪 YouTuber Gronkh
20%
Karin Ilse Überall 🇩🇪 Sängerin Katja Ebstein
20%
Cyril Kamar 🍁 R&B - Sänger K-Maro
20%
Sofia Villani Scicolone 🇮🇹 Filmschauspielerin Sophia Loren
20%
Paul van Haver 🇧🇪 Hip-Hop- & Electromusiker Stromae
20%
Anna Mae Bullock 🇺🇸 🇨🇭 ✝ Sängerin Tina Turner
20%
Anouschka Hubschmid 🇩🇪 🇨🇭 Schauspielerin Anouschka Renzi
17%
Robert Allen Zimmerman 🇺🇸 Singer-Songwriter Bob Dylan
17%
Orhan Terzi 🇩🇪 DJ DJ Quicksilver
17%
André Romell Young 🇺🇸 Musikproduzent Dr. Dre
17%
Paul Michael Levesque 🇺🇸 Wrestler Triple H
17%
Julian Otto 🇩🇪 Rapper Bausa
14%
Edward Teach 🇬🇧 ✝ Pirat Blackbeard
14%
Benjamin Griffey 🇩🇪 Rapper Casper
14%
Salvador Guerrero IV 🇲🇽 Wrestler Chavo Guerrero
14%
Raymond Thierry Liebling 🇫🇷 🇵🇱 Filmregisseur Roman Polański
14%
Henry McCarthy 🇺🇸 ✝ Revolverheld Billy the Kid
13%
Johan Marius Nicolaas Heesters 🇳🇱 ✝ Operettensänger Johannes Heesters
13%
Kerstin Poetke 🇩🇪 Fernsehmoderatorin Kim Fisher
11%
Christopher John Boyle 🇺🇸 ✝ Rockmusiker Chris Cornell
10%
Audrey Faith Perry 🇺🇸 Sängerin Faith Hill
10%
Davut Altundal 🇩🇪 Rapper AK Ausserkontrolle
0%
Vincent Damon Furnier 🇺🇸 Rockmusiker Alice Cooper
0%
Alicia Joseph Augello-Cook 🇺🇸 Soul- & R&B-Sängerin Alicia Keys
0%
André René Roussimoff 🇫🇷 ✝ Wrestler André the Giant
0%
Adolf Andreas Meyer 🇦🇹 Schlagersänger Andy Borg
0%
Sandra Stumptner 🇦🇹 Schlagersängerin Antonia aus Tirol
0%
Volkan Yaman 🇩🇪 Rapper Apache 207
0%
Maria Louise Joensen 🇩🇰 Sängerin Aura Dione
0%
Amanda Ava Koci 🇺🇸 Sängerin Ava Max
0%
Dirk Albert Felsenheimer 🇩🇪 Musiker Bela B
0%
Krishna Bhanji 🇬🇧 Schauspieler Ben Kingsley
0%
William Broad 🇬🇧 Rockmusiker Billy Idol
0%
Leslie Sebastian Charles 🇬🇧 Popsänger Billy Ocean
0%
Christophe Le Friant 🇫🇷 Plattenproduzent /DJ Bob Sinclair
0%
Gaynor Hopkins 🇬🇧 Sängerin Bonnie Tyler
0%
Paul David Hewson 🇮🇪 Sänger Bono
0%
Robert Edward Davis Jr. 🇩🇪 Rapper B-Tight
0%
Charles Hardin Holley 🇺🇸 ✝ Rock-’n’-Roll-Musiker Buddy Holly
0%
Trevor Tahiem Smith Junior 🇺🇸 Rapper Busta Rhymes
0%
Robert Leroy Parker 🇺🇸 ✝ Gesetzloser Butch Cassidy
0%
Andreas Joachim Wolfgang Konrad Frege 🇩🇪 Sänger Campino
0%
Vladislav Balovatsky 🇺🇦 Rapper Capital Bra
0%
Tara Leigh Patrick 🇺🇸 Schauspielerin Carmen Electra
0%
Caroline Catharina Müller 🇳🇱 Pop-Sängerin C. C. Catch
0%
Yvette Marie Stevens 🇺🇸 Soul- & Pop-Sängerin Chaka Khan
0%
Peter Pangerl 🇦🇹 Rapper Chakuza
0%
Carlos Irwin Estévez 🇺🇸 Schauspieler Charlie Sheen
0%
John Charles Carter 🇺🇸 ✝ Schauspieler Charlton Heston
0%
Cornelius Crane Chase 🇺🇸 Schauspieler Chevy Chase
0%
Christopher John Davison 🇮🇪 Sänger Chris de Burgh
0%
Christopher Keith Irvine 🍁 Wrestler Chris Jericho
0%
Harry Rodger Webb 🇬🇧 Popsänger Cliff Richard
0%
Thomas Hübner 🇩🇪 Sänger Clueso
0%
Artis Leon Ivey Jr. 🇺🇸 ✝ Rapper Coolio
0%
Christopher Nicholas Sarantakos 🇺🇸 Zauberkünstler Criss Angel
0%
Daniel Michaeli 🇺🇸 Schauspieler Danny DeVito
0%
Daphne Haderlein 🇩🇪 Komikerin Daphne de Luxe
0%
David Robert Jones 🇬🇧 ✝ Musiker David Bowie
0%
John Arthur Carradine 🇺🇸 ✝ Schauspieler David Carradine
0%
Joel Thomas Zimmerman 🍁 Musikproduzent deadmau5
0%
Dino Crocetti 🇺🇸 🇮🇹 ✝ Schauspieler Dean Martin
0%
Mary Frances Reynolds 🇺🇸 ✝ Schauspielerin Debbie Reynolds
0%
Demetria Gene Guynes 🇺🇸 Schauspielerin Demi Moore
0%
Alexander Prinz 🇩🇪 YouTuber Der Dunkle Parabelritter
0%
Stephan Musiol 🇩🇪 Musiker Dero Goi
0%
Earl Simmons 🇺🇸 ✝ Rapper DMX
0%
Nicholas Theodore Nemeth 🇺🇸 Profiwrestler Dolph Ziggler
0%
Doris Mary Ann Kappelhoff 🇺🇸 ✝ Schauspielerin Doris Day
0%
Duncan de Moor 🇳🇱 Sänger Duncan Laurence
0%
Virgil Riley Runnels Jr. 🇺🇸 ✝ Wrestler Dusty Rhodes
0%
Mary Isabel Catherine Bernadette O’Brien 🇬🇧 ✝ Pop- & Soulsängerin Dusty Springfield
0%
Elaine Jill Bickerstaff 🇬🇧 Sängerin Elaine Paige
0%
Joaquín Archivaldo Guzmán Loera 🇲🇽 Drogenkartellchef El Chapo
0%
Jacqueline Zebisch 🇩🇪 Schlagersängerin Ella Endlich
0%
Doreen Stærbo /Grochowski 🇩🇪 Moderatorin Enie van de Meiklokjes
0%
Eithne Pádraigín Ní Bhraonáin 🇮🇪 Musikerin Enya
0%
Farid Hamed El Abdellaoui 🇩🇪 🇲🇦 Rapper Farid Bang
0%
Antoine Dominique Domino Jr. 🇺🇸 ✝ Bluesmusiker Fats Domino
0%
Tramar Dillard 🇺🇸 Rapper Flo Rida
0%
Vincente de Teba 🇩🇪 Rapper Frauenarzt
0%
Franz Eugen Helmut Manfred Nidl-Petz 🇦🇹 🇩🇪 Schlagersänger Freddy Quinn
0%
Gabriele Frings 🇩🇪 Schauspielerin Gaby Köster
0%
Jerome Silberman 🇺🇸 ✝ Schauspieler Gene Wilder
0%
Geraldine Estelle Horner 🇬🇧 Sängerin Geri Halliwell
0%
Michaela Schaffrath 🇩🇪 Schauspielerin Gina Wild
0%
Gloria María Milagrosa Fajardo García 🇨🇺 Sängerin Gloria Estefan
0%
Aranka Jean Hawn 🇺🇸 Schauspielerin Goldie Hawn
0%
Wouter Andre De Backer 🇧🇪 Musiker Gotye
0%
Günter Caspelherr 🇩🇪 ✝ Schlagersänger Gunter Gabriel
0%
Aykut Anhan 🇩🇪 Rapper Haftbefehl
0%
Harold George Bellanfanti Jr. 🇺🇸 Entertainer Harry Belafonte
0%
Hans Peter Geerdes 🇩🇪 Sänger H. P. Baxxter
0%
Terrence Gene Bollea 🇺🇸 Wrestler Hulk Hogan
0%
Ibrahim Bekirovic 🇩🇪 ✝ Schlagersänger Ibo
0%
O’Shea Jackson 🇺🇸 Rapper Ice Cube
0%
James Newell Osterberg 🇺🇸 Musiker Iggy Pop
0%
Irene T Escalera 🇺🇸 ✝ Sängerin Irene Cara
0%
Eric Marlon Bishop 🇺🇸 Schauspieler Jamie Foxx
0%
Jeffrey Atkins 🇺🇸 Rapper Ja Rule
0%
Juan Moreno y Herrera Jiménez 🇫🇷 🇪🇸 Schauspieler Jean Reno
0%
Joseph Levitch 🇺🇸 ✝ Komiker Jerry Lewis
0%
Seán Patrick Michael Sherrard O’Hagan 🇮🇪 Sänger Johnny Logan
0%
Julie Anne Smith 🇺🇸 🇬🇧 Schauspielerin Julianne Moore
0%
Thomas Schreiner 🇩🇪 Moderator Jumbo Schreiner
0%
Hans-Jürgen Hubert Dohrenkamp 🇩🇪 Entertainer Jürgen von der Lippe
0%
Ketevan Melua 🇷🇺 🇬🇪 🇬🇧 Sängerin Katie Melua
0%
Robert James Ritchie 🇺🇸 Rockmusiker Kid Rock
0%
Kimberly Smith 🇬🇧 Popsängerin Kim Wilde
0%
Kaynaan Cabdi Warsame 🇸🇴 Reggae-Musiker K’naan
0%
Maximilian Diehn 🇩🇪 Rapper Kontra K
0%
Kerstin Bräuer 🇩🇪 Schlagersängerin Kristina Bach
0%
Christina Klein 🇩🇪 Pop-Rock-Sängerin LaFee
0%
Elizabeth Woolridge Grant 🇺🇸 Popsängerin Lana Del Rey
0%
Lawrence Harvey Zeiger 🇺🇸 ✝ Journalist Larry King
0%
Florian Diedrich 🇩🇪 YouTuber LeFloid
0%
Charles Lutwidge Dodgson 🇬🇧 ✝ Schriftsteller Lewis Carroll
0%
Lawrence Wendell Pfohl 🇺🇸 Wrestler Lex Luger
0%
Dwayne Michael Carter, Jr. 🇺🇸 Rapper Lil Wayne
0%
Christopher Hamill 🇬🇧 Popsänger Limahl
0%
Richard Wayne Penniman 🇺🇸 Rock-’n’-Roll-Sänger Little Richard
0%
Melissa Viviane Jefferson 🇺🇸 Sängerin Lizzo
0%
David Lubega Balemezi 🇩🇪 Latin-Pop-Sänger Lou Bega
0%
Christopher Brian Bridges 🇺🇸 Rapper Ludacris
0%
Coy Luther Perry III 🇺🇸 ✝ Schauspieler Luke Perry
0%
Brian Hugh Warner 🇺🇸 Rockmusiker Marilyn Manson
0%
Norma Jeane Mortenson /Baker 🇺🇸 ✝ Filmschauspielerin Marilyn Monroe
0%
Marko Albrecht 🇩🇪 Produzent /DJ Mark ’Oh
0%
Samuel Langhorne Clemens 🇺🇸 ✝ Schriftsteller Mark Twain
0%
Christopher Comstock 🇺🇸 Musikproduzent/ DJ Marshmello
0%
Marten Laciny 🇩🇪 Rapper Marteria
0%
Matthias Otto 🇩🇪 Bariton - Sänger Max Raabe
0%
Dirk Witek 🇩🇪 Rapper MC Fitti
0%
Stanley Kirk Burrell 🇺🇸 Rapper MC Hammer
0%
Marvin Lee Aday 🇺🇸 ✝ Rocksänger Meat Loaf
0%
Margaret Hyra 🇺🇸 Schauspielerin Meg Ryan
0%
Mathangi Arulpragasam 🇬🇧 Rapperin M. I. A.
0%
Eugene Maurice Orowitz 🇺🇸 ✝ Schauspieler Michael Landon
0%
Michael Norbert /Skowronek 🇩🇪 Partyschlagersänger Michael Wendler
0%
Michael Engels 🇩🇪 Entertainer Mickie Krause
0%
Maria Mummert 🇩🇪 Popsängerin Mieze Katz
0%
Michael Holbrook Penniman 🇱🇧 🇬🇧 Musiker Mika
0%
Jonathan Ivo Gilles Vandenbroeck 🇧🇪 Singer-Songwriter Milow
0%
Ruth Maria Renner 🇩🇪 🇷🇴 Musikerin Miss Platnum
0%
Quentin Dupieux 🇫🇷 Musiker Mr. Oizo
0%
Laurence Tureaud 🇺🇸 Schauspieler Mr. T
0%
Niomi Arleen McLean-Daley 🇬🇧 Sängerin Ms. Dynamite
0%
Hanan Hamdi 🇩🇪 🇲🇦 Sängerin /Rapperin Namika
0%
Neta-Lee Hershlag 🇺🇸 🇮🇱 Schauspielerin Natalie Portman
0%
Cornell Iral Haynes Jr. 🇺🇸 Rapper Nelly
0%
Shaffer Chimere Smith 🇺🇸 R&B-Sänger Ne-Yo
0%
Onika Tanya Maraj 🇹🇹 Musikerin Nicki Minaj
0%
Nicole Camille Escovedo 🇺🇸 It-Girl Nicole Richie
0%
Michael Haubold 🇩🇪 Comedian Olaf Schubert
0%
Michael David Rosenberg 🇬🇧 Singer-Songwriter Passenger
0%
Friedrich Günther Raab 🇩🇪 Schlagersänger Patrick Lindner
0%
Dieter Tappert 🇩🇪 Stand-up-Comedian Paul Panzer
0%
Alecia Beth Moore 🇺🇸 Pop-Rock-Sängerin Pink
0%
Armando Christian Pérez 🇺🇸 🇨🇺 Rapper Pitbull
0%
Park Jae-sang 🇰🇷 Sänger / Tänzer Psy
0%
Dana Elaine Owens 🇺🇸 Hip-Hop-Musikerin Queen Latifah
0%
Rory Graham 🇬🇧 Blues- & Soul-Sänger Rag ’n’ Bone Man
0%
Óscar González Gutiérrez Rubio 🇺🇸 🇲🇽 Wrestler Rey Mysterio
0%
Richard Starkey 🇬🇧 Musiker Ringo Starr
0%
Ralph Christian Möbius 🇩🇪 ✝ Sänger Rio Reiser
0%
Anthony Robert McMillan 🇬🇧 ✝ Schauspieler Robbie Coltrane
0%
Robson de Souza 🇧🇷 Fußballer Robinho
0%
Roderick George Toombs 🍁 ✝ Wrestler Roddy Piper
0%
Kisean Anderson 🇺🇸 Sänger & Rapper Sean Kingston
0%
Orville Richard Burrell 🇯🇲 Reggae-Pop-Musiker Shaggy
0%
Eilleen Regina Edwards 🍁 Sängerin Shania Twain
0%
Michael Shawn Hickenbottom 🇺🇸 Wrestler Shawn Michaels
0%
Susan Alexandra Weaver 🇺🇸 Schauspielerin Sigourney Weaver
0%
Holly Brook Hafermann 🇺🇸 Sängerin Skylar Grey
0%
Michael Bernd Schmidt 🇩🇪 Texter/ Rapper Smudo
0%
Stanley Martin Lieber 🇺🇸 ✝ Comicautor Stan Lee
0%
Steve Borden 🇺🇸 Wrestler Sting
0%
Gordon Matthew Thomas Sumner 🇬🇧 Musiker Sting
0%
Min Yoon-gi 🇰🇷 Rapper Suga
0%
Harry Alonzo Longabaugh 🇺🇸 ✝ Wildwest-Gesetzloser Sundance Kid
0%
Matthias Knop 🇩🇪 Comedian Supa Richie
0%
Adetayo Ayowale Onile-Ere 🇬🇧 Sänger Taio Cruz
0%
Rene Francisco Sotomayor 🇺🇸 Rapper T-Bone
0%
Mario Matteo Girotti 🇮🇹 🇺🇸 Schauspieler Terence Hill
0%
David Howell Evans 🇮🇪 Gitarrist The Edge
0%
Will Smith 🇺🇸 Schauspieler/ Rapper The Fresh Prince
0%
Tila Nguyễn 🇺🇸 TV-Persönlichkeit Tila Tequila
0%
Timothy Zachary Mosley 🇺🇸 Hip-Hop- & Contemporary-R&B-Musiker Timbaland
0%
Wilhelm Bräutigam 🇩🇪 Countrysänger Tom Astor
0%
Thomas Lührig 🇩🇪 Synchronsprecher Tommy Morgenstern
0%
Bernard Schwartz 🇺🇸 ✝ Schauspieler Tony Curtis
0%
Herbert Anton Hilger 🇩🇪 ✝ Schlagersänger Tony Marshall
0%
Matthew Shafer 🇺🇸 Rockmusiker Uncle Kracker
0%
Robert Matthew Van Winkle 🇺🇸 Rapper Vanilla Ice
0%
Caryn Elaine Johnson 🇺🇸 Schauspielerin Whoopi Goldberg
0%
William Adams 🇺🇸 Rapper Will.i.am
0%
Winona Laura Horowitz 🇺🇸 Schauspielerin Winona Ryder
0%
Cameron Jibril Thomaz 🇺🇸 Rapper Wiz Khalifa
0%
Franz Hubert Wolfgang Remling 🇩🇪 Sänger Wolfgang Petry
0%
Jahseh Dwayne Ricardo Onfroy 🇺🇸 ✝ Rapper XXXTentacion
0%
Alvin Nathaniel Joiner 🇺🇸 Rapper Xzibit
0%
Rodney Agatupu Anoaʻi 🇺🇸 ✝ Wrestleru Yokozuna
0%
Keine übereinstimmenden Quizze gefunden
Verteilung der Resultate
Anzahl Personen mit jedem Resultat
Perzentil nach korrekt beantworteten Fragen
Ihre Resultats-Entwicklung
Sie haben dieses Quiz noch nicht gespielt